| 000 | 00589nam a2200181Ia 4500 | ||
|---|---|---|---|
| 008 | 151018s9999 xx 000 0 und d | ||
| 082 |
_bRBASDV10068 _a891.463 |
||
| 100 | _aमंगेश पाडगांवकर | ||
| 245 | _aभोलानाथ | ||
| 250 | _b2 | ||
| 260 |
_bपॉप्युलर प्रकाशन मुंबई _c1963 |
||
| 300 | _a20 | ||
| 600 | _aमंगेश पाडगांवकर | ||
| 630 | _aभोलानाथ | ||
| 700 | _aमंगेश पाडगांवकर | ||
| 730 | _aभोलानाथ | ||
| 942 | _cBOOK | ||
| 999 |
_c1012428 _d1012425 |
||